000 00492cam a2200181ua 4500
001 3630
008 111125n ii |||gr||||Z||||||eng
040 _cMAIN
082 _a330.954
100 _aGanguli, Chitta tosh,
_eAuthor.
245 1 1 _aStudies in indian economics problems
_cby Chittatosh Ganguli
250 _a11th.
260 _aCalcutta:
_bBinapani Ganguli,963.
300 _axiii; 39p:
_c23cm.
653 _aEconomics
653 _aStudies in indian economics problems
942 _cBK
999 _c3471
_d3471